<L'> état, les entreprises en difficulté et l'Europe

Guardado en:
Detalles Bibliográficos
Otros Autores: Campana, Marie-Jeanne
Formato: Libro
Lenguaje:francés
Publicado: San Domenico (FI) European University Institute 2001
Colección:EUI Working paper LAW No. 2001/3
Materias:
Etiquetas: Agregar Etiqueta
Sin Etiquetas, Sea el primero en etiquetar este registro!

MARC

LEADER 00000nam a2200000 4500
001 c132608
005 20240229122813.2
041 0 |a fre 
044 |a IT 
245 1 0 |a <L'> état, les entreprises en difficulté et l'Europe  |c Marie-Jeanne Campana (ed.) 
264 1 |a San Domenico (FI)  |b European University Institute  |c 2001 
300 |a 62 s. 
490 1 |a EUI Working paper LAW  |v No. 2001/3 
830 0 |a EUI Working paper LAW  |v No. 2001/3 
610 2 0 |a podnikanie 
610 2 0 |a štát 
610 2 0 |a výskum 
610 2 0 |a pomoc štátna 
610 2 0 |a Taliansko 
610 2 0 |a Európa 
700 1 |a Campana, Marie-Jeanne